[Event "Kiev Blitz Marathon"]
[Site "Kiev"]
[Date "2023.04.23"]
[Round "39"]
[White "Marchenko, Artem"]
[Black "Nykonenko, Oleg"]
[Result "0-1"]
[WhiteElo "2264"]
[BlackElo "1744"]
[PlyCount "87"]
[EventDate "2023.04.22"]
[EventType "tourn (blitz)"]
[EventRounds "54"]
[EventCountry "UKR"]
[SourceTitle "CBM 213 Extra"]
[Source "ChessBase"]
[SourceDate "2023.05.31"]
[SourceVersion "1"]
[SourceVersionDate "2023.05.31"]
[SourceQuality "1"]

1. e4 c6 2. d3 d5 3. Nd2 Nf6 4. Ngf3 Bg4 5. h3 Bxf3 6. Qxf3 dxe4 7. dxe4 e5 8. Nc4 Qc7 9. Bg5 Be7 10. Be2 h6 11. Bh4 b5 12. Ne3 g5 13. Bg3 Nbd7 14. Nf5 Nc5 15. 0-0 Ne6 16. a4 b4 17. Bc4 Nf4 18. Ng7+ Kf8 19. Nf5 Rd8 20. Rad1 Bc5 21. Rxd8+ Qxd8 22. Rd1 Qc7 23. Rd2 h5 24. Ne3 Kg7 25. Nf5+ Kg6 26. Bd3 Rd8 27. Qd1 Nxd3 28. Rxd3 Rxd3 29. Qxd3 h4 30. Bh2 Qb6 31. Bxe5 Bxf2+ 32. Kh1 Bc5 33. Bxf6 Kxf6 34. Qf3 Kg6 35. Qg4 Qd8 36. Nxh4+ Kh6 37. Nf3 Qf6 38. e5 Qf4 39. Qxf4 gxf4 40. Kh2 Kg6 41. g3 Kf5 42. g4+ Ke4 43. Kg2 Bd4 44. Ng5+ 0-1

[Event "Kiev Blitz Marathon"]
[Site "Kiev"]
[Date "2023.04.23"]
[Round "49"]
[White "Nykonenko, Oleg"]
[Black "Prohorov, Olexandr"]
[Result "0-1"]
[WhiteElo "1744"]
[BlackElo "2086"]
[PlyCount "76"]
[EventDate "2023.04.22"]
[EventType "tourn (blitz)"]
[EventRounds "54"]
[EventCountry "UKR"]
[SourceTitle "CBM 213 Extra"]
[Source "ChessBase"]
[SourceDate "2023.05.31"]
[SourceVersion "1"]
[SourceVersionDate "2023.05.31"]
[SourceQuality "1"]

1. g3 e5 2. c4 g6 3. Nc3 Bg7 4. Bg2 Ne7 5. e3 0-0 6. Nge2 d6 7. 0-0 c6 8. Qb3 Nd7 9. d4 Qc7 10. Rd1 Nf5 11. Qc2 Re8 12. b3 exd4 13. exd4 Nf6 14. Ba3 h5 15. Ne4 Nxe4 16. Bxe4 h4 17. Bb2 hxg3 18. hxg3 Qe7 19. Bf3 Qf6 20. Bc3 Nxg3 21. Nxg3 Qxf3 22. Rd3 Qg4 23. Qd2 d5 24. Re1 Rxe1+ 25. Qxe1 Be6 26. c5 b6 27. Qe2 Qf4 28. Bd2 Qh4 29. Be3 Bg4 30. Qf1 Bf3 31. Bc1 Qg4 32. Kh2 Bxd4 33. Be3 Be5 34. cxb6 Kg7 35. Bh6+ Kxh6 36. b7 Rb8 37. Qc1+ Kg7 38. Qxc6 Rh8+ 0-1

[Event "Kiev Blitz Marathon"]
[Site "Kiev"]
[Date "2023.04.23"]
[Round "22"]
[White "Prohorov, Olexandr"]
[Black "Nykonenko, Oleg"]
[Result "1/2-1/2"]
[WhiteElo "2086"]
[BlackElo "1744"]
[PlyCount "145"]
[EventDate "2023.04.22"]
[EventType "tourn (blitz)"]
[EventRounds "54"]
[EventCountry "UKR"]
[SourceTitle "CBM 213 Extra"]
[Source "ChessBase"]
[SourceDate "2023.05.31"]
[SourceVersion "1"]
[SourceVersionDate "2023.05.31"]
[SourceQuality "1"]

1. d4 Nf6 2. c4 e6 3. Nc3 Be7 4. Nf3 d5 5. Bf4 0-0 6. e3 a6 7. Rc1 c6 8. c5 Re8 9. Bd3 Nbd7 10. 0-0 Nf8 11. h3 Ng6 12. Bh2 Bf8 13. Re1 Bd7 14. Qc2 Bc8 15. Rcd1 Qa5 16. Ne5 Qd8 17. f4 Nd7 18. g4 Ndxe5 19. fxe5 b6 20. b4 a5 21. a3 axb4 22. axb4 bxc5 23. bxc5 Ba6 24. Ra1 Bxd3 25. Qxd3 Qh4 26. Kg2 Rxa1 27. Rxa1 Rb8 28. Ra2 Qe1 29. Bg3 Qc1 30. Ne2 Rb2 31. Rxb2 Qxb2 32. h4 h5 33. gxh5 Ne7 34. Kf3 Nf5 35. Be1 Be7 36. Kg4 Nh6+ 37. Kh3 Nf5 38. Qd2 Qxd2 39. Bxd2 Bxh4 40. Kg4 Bf2 41. Kf3 Bh4 42. Nc1 Bd8 43. Nb3 Bg5 44. Na5 Nxd4+ 45. exd4 Bxd2 46. Nxc6 f6 47. exf6 gxf6 48. Nd8 e5 49. dxe5 fxe5 50. c6 Ba5 51. Ne6 Kf7 52. c7 Bxc7 53. Nxc7 Kf6 54. Kg4 d4 55. Nd5+ Ke6 56. h6 Kf7 57. Kg5 e4 58. Nf4 d3 59. Ne6 Kg8 60. Kg6 d2 61. Ng5 d1Q 62. h7+ Kf8 63. h8Q+ Ke7 64. Qe5+ Kd7 65. Qxe4 Qd6+ 66. Kf5 Qc5+ 67. Kg4 Qc6 68. Qf5+ Kc7 69. Ne6+ Kb6 70. Qf2+ Kb7 71. Qb2+ Qb6 72. Qd4 Qxd4+ 73. Nxd4 1/2-1/2